Fázy svetovej hospodárskej krízy v hotelierstve na Slovensku

Predkrízová fáza svetového hospodárstva. Akútna fáza svetovej hospodárskej krízy. Vývoj vybraných ukazovateľov slovenskej ekonomiky a hotelov v SR v rokoch 2007-2011. Chronická fáza svetovej hospodárskej krízy (2010-2012).

Saved in:
Bibliographic Details
Main Author: Hudáčková, Lucia
Format: Book Chapter
Language:Slovak
Subjects:
Tags: Add Tag
No Tags, Be the first to tag this record!

MARC

LEADER 00000naa a2200000 4500
001 0179987
005 20231016074547.7
041 0 |a slo 
044 |a SK 
245 1 0 |a Fázy svetovej hospodárskej krízy v hotelierstve na Slovensku  |c Lucia Hudáčková 
520 |a Predkrízová fáza svetového hospodárstva. Akútna fáza svetovej hospodárskej krízy. Vývoj vybraných ukazovateľov slovenskej ekonomiky a hotelov v SR v rokoch 2007-2011. Chronická fáza svetovej hospodárskej krízy (2010-2012). 
610 2 0 |a kríza hospodárska 
610 2 0 |a vývoj 
610 2 0 |a ukazovatele makroekonomické 
610 2 0 |a hotelierstvo 
610 2 0 |a hotely 
610 2 0 |a Slovensko 
100 1 |a Hudáčková, Lucia